[Event "38th Nezhmetdinov Mem"]
[Site "Kazan RUS"]
[Date "2016.06.08"]
[Round "9.51"]
[White "Mamontova, Anastasia"]
[Black "Khafizov, Emir"]
[Result "1-0"]
[WhiteElo "2065"]
[BlackElo "1684"]
[WhiteFideId "34100234"]
[BlackFideId "34150355"]
[EventDate "2016.05.31"]

1. d4 d5 2. c4 c6 3. Nc3 Nf6 4. e3 e6 5. b3 Be7 6. Nf3 Nbd7 7. Bd3 O-O 8. O-O b6
9. Bb2 Bb7 10. Qc2 g6 11. e4 dxe4 12. Nxe4 Nxe4 13. Bxe4 Nf6 14. Rfe1 Nxe4 15.
Qxe4 Bf6 16. Ne5 Qc7 17. Qg4 Bg7 18. h4 Rad8 19. h5 c5 20. hxg6 hxg6 21. dxc5
Qxc5 22. Re3 Rfe8 23. Rae1 Rd2 24. Bc3 Rc2 25. Nd7 Qe7 26. Bxg7 Kxg7 27. Qd4+ f6
28. Rh3 Rh8 29. Rxh8 Kxh8 30. Nxf6 g5 31. Rxe6 Rc1+ 32. Kh2 Qc7+ 33. Rd6 Rc2 34.
Ne8+ 1-0

[Event "38th Nezhmetdinov Mem"]
[Site "Kazan RUS"]
[Date "2016.06.08"]
[Round "9.52"]
[White "Tishova, Svetlana"]
[Black "Pavlova, Nataliy"]
[Result "1-0"]
[WhiteElo "1946"]
[BlackElo "2010"]
[WhiteFideId "24173550"]
[BlackFideId "24135615"]
[EventDate "2016.05.31"]

1. e4 c5 2. Nf3 Nc6 3. Bb5 g6 4. Bxc6 dxc6 5. h3 Bg7 6. d3 e5 7. Nbd2 Qe7 8. Nc4
f6 9. O-O Nh6 10. Be3 Be6 11. Qd2 Nf7 12. Qc3 b6 13. a3 Bxc4 14. Qxc4 Nd6 15.
Qa4 Qc7 16. Nd2 O-O 17. Nc4 Kh8 18. Nxd6 Qxd6 19. Qc4 f5 20. f3 a5 21. b4 Qf6
22. Rfb1 f4 23. Bf2 g5 24. bxa5 b5 25. Qc3 h5 26. Bxc5 Rf7 27. Kf1 g4 28. hxg4
hxg4 29. Ke2 Qg5 30. Rh1+ Kg8 31. Rh2 Bf6 32. Rah1 Rd8 33. Qb3 Rd7 34. a6 Rd8
35. a7 Qg6 36. Rh6 Qg5 37. Rh7 Bg7 38. Qe6 gxf3+ 39. gxf3 Qg2+ 40. Bf2 c5 41.
Rg1 1-0

[Event "38th Nezhmetdinov Mem"]
[Site "Kazan RUS"]
[Date "2016.06.08"]
[Round "9.53"]
[White "Kovaleva, Ekaterina"]
[Black "Mischeryakov, Alexey"]
[Result "0-1"]
[WhiteElo "1786"]
[BlackElo "1976"]
[WhiteFideId "34128252"]
[BlackFideId "34156434"]
[EventDate "2016.05.31"]

1. e4 c5 2. Nf3 d6 3. d4 cxd4 4. Nxd4 Nf6 5. f3 g6 6. Nc3 Bg7 7. Be2 O-O 8. Be3
Nc6 9. g4 Nxd4 10. Bxd4 e5 11. Be3 Be6 12. Qd2 d5 13. g5 d4 14. gxf6 Bxf6 15.
Bh6 dxc3 16. Qxc3 Bh4+ 17. Kf1 Bh3+ 18. Kg1 Rc8 19. Rd1 Qxd1+ 20. Bxd1 Rxc3 21.
bxc3 Rd8 22. Be2 g5 23. Bd3 Rd6 24. Bxg5 Rg6 0-1

[Event "38th Nezhmetdinov Mem"]
[Site "Kazan RUS"]
[Date "2016.06.08"]
[Round "9.54"]
[White "Isaykin, Artem"]
[Black "Shipitsyna, Guzyal"]
[Result "1-0"]
[WhiteElo "1973"]
[BlackElo "1478"]
[WhiteFideId "34165344"]
[BlackFideId "24141348"]
[EventDate "2016.05.31"]

1. e4 c5 2. Nc3 e6 3. f4 Nc6 4. Nf3 g6 5. a3 Bg7 6. b4 d6 7. bxc5 dxc5 8. e5
Nge7 9. Ne4 b6 10. Nd6+ Kf8 11. Ng5 Nf5 12. Nxf5 exf5 13. Bb2 h6 14. Nf3 Be6 15.
c3 f6 16. d4 c4 17. Be2 Na5 18. Nd2 Rc8 19. O-O h5 20. Re1 fxe5 21. fxe5 h4 22.
Qc2 h3 23. g3 Nb3 24. Nxb3 cxb3 25. Qd1 Bh6 26. Bf3 Bd5 27. e6 Bg5 28. Re5 Bxf3
29. Qxf3 Be7 30. Rd5 Qc7 31. Rd7 Qc4 32. Qb7 Re8 33. Re1 Qd3 34. Qd5 Qd2 35. Rb1
Qe3+ 36. Kh1 Rh5 37. Rg1 f4 38. Bc1 Qf2 39. Qe4 fxg3 40. Rxg3 Qf1+ 41. Rg1 Qf5
42. Qe2 Rh4 43. Rf1 1-0

[Event "38th Nezhmetdinov Mem"]
[Site "Kazan RUS"]
[Date "2016.06.08"]
[Round "9.55"]
[White "Dolgaeva, Evgenia"]
[Black "Karamov, Stepan"]
[Result "1-0"]
[WhiteElo "1879"]
[BlackElo "1785"]
[WhiteFideId "24174564"]
[BlackFideId "24198145"]
[EventDate "2016.05.31"]

1. e4 c5 2. Nf3 e6 3. d3 Nf6 4. g3 Be7 5. Bg2 d5 6. Nbd2 Nc6 7. O-O O-O 8. Re1
Qc7 9. e5 Nd7 10. Qe2 b5 11. h4 Bb7 12. Nf1 Rfc8 13. Bf4 Qd8 14. Ne3 a5 15. Bh3
h6 16. h5 Nb6 17. Ng4 a4 18. Qd2 Bf8 19. Nfh2 d4 20. Bg2 c4 21. Bxh6 gxh6 22.
Nf6+ Kh8 23. Nhg4 Nd7 24. Bxc6 Bxc6 25. Nxh6 Qe7 26. Nhg8 Qd8 27. Qg5 Bg7 28. h6
Bxf6 29. Nxf6 Qf8 30. dxc4 Nxf6 31. exf6 bxc4 32. Re5 Qg8 33. Qg7+ Qxg7 34.
hxg7+ Kh7 35. Rg5 Rd8 36. Re1 Rd5 37. Rg4 Rh5 38. Rh4 Rxh4 39. gxh4 Kg6 40. h5+
Kxf6 41. h6 Kg6 42. Rd1 e5 43. f4 Kxh6 44. fxe5 Rd8 45. Rxd4 Rg8 46. Rd6+ Kg5
47. Rxc6 Rxg7 48. Rxc4 Kf5+ 49. Kf2 Kxe5 50. Rxa4 1-0

[Event "38th Nezhmetdinov Mem"]
[Site "Kazan RUS"]
[Date "2016.06.08"]
[Round "9.57"]
[White "Safin, Robert"]
[Black "Zharkov, Nikolay"]
[Result "0-1"]
[WhiteElo "1581"]
[BlackElo "1629"]
[WhiteFideId "34189120"]
[BlackFideId "54193648"]
[EventDate "2016.05.31"]

1. d4 Nf6 2. c4 g6 3. Nc3 Bg7 4. Nf3 O-O 5. g3 d6 6. Bg2 Nc6 7. e4 Bg4 8. O-O e5
9. d5 Nd4 10. h3 Nxf3+ 11. Bxf3 Bxh3 12. Bg2 Qd7 13. Be3 Bxg2 14. Kxg2 Ng4 15.
b4 f5 16. exf5 gxf5 17. Rb1 f4 18. gxf4 Nxe3+ 19. fxe3 exf4 20. Qd3 Qg4+ 21. Kf2 0-1

[Event "38th Nezhmetdinov Mem"]
[Site "Kazan RUS"]
[Date "2016.06.08"]
[Round "9.58"]
[White "Chumak, Dmitrii"]
[Black "Gavrilin, Roman"]
[Result "1-0"]
[WhiteElo "1826"]
[BlackElo "1753"]
[WhiteFideId "34106658"]
[BlackFideId "54104564"]
[EventDate "2016.05.31"]

1. e4 c5 2. Nf3 d6 3. d4 cxd4 4. Nxd4 Nf6 5. Nc3 g6 6. Be3 Bg7 7. f3 Nc6 8. Qd2
Bd7 9. O-O-O a6 10. g4 Rc8 11. h4 h5 12. g5 Nh7 13. Bh3 Ne5 14. f4 Nc4 15. Qd3
Bxh3 16. Rxh3 Nxe3 17. Qxe3 b5 18. e5 d5 19. f5 Qd7 20. f6 Bf8 21. e6 fxe6 22.
Nxe6 Kf7 23. Nxf8 Rhxf8 24. Rxd5 Qc7 25. fxe7 Rfe8 26. Rf3+ Kg8 27. Qe6+ Kh8 28.
Rf7 Qc6 29. Qe5+ 1-0

[Event "38th Nezhmetdinov Mem"]
[Site "Kazan RUS"]
[Date "2016.06.08"]
[Round "9.59"]
[White "Grekhov, Luka"]
[Black "Spiridonova, Yana"]
[Result "0-1"]
[WhiteElo "1639"]
[BlackElo "1824"]
[WhiteFideId "44129637"]
[BlackFideId "24174262"]
[EventDate "2016.05.31"]

1. e4 g6 2. d4 Bg7 3. Nf3 d6 4. c3 Nf6 5. Bd3 O-O 6. O-O c5 7. h3 a6 8. Bc2 b5
9. Be3 Qc7 10. d5 Nbd7 11. Nbd2 Nb6 12. a4 bxa4 13. Bxa4 Nxa4 14. Qxa4 Bd7 15.
Qc2 Rfb8 16. Ra3 Rb6 17. Rfa1 Bb5 18. R1a2 Qc8 19. Nb3 e6 20. dxe6 Qxe6 21. Nbd2
Bc6 22. Ng5 Qe7 23. Nc4 Rbb8 24. Rxa6 Rxa6 25. Rxa6 Bb5 26. Rb6 Rxb6 27. Nxb6 h6
28. Qb3 Bc6 29. Nc8 Qc7 30. Qxf7+ Qxf7 31. Nxf7 Kxf7 32. Nxd6+ Ke6 33. Bxc5 Nxe4
34. Nxe4 Bxe4 35. f3 Bc2 36. Kf2 Kd5 37. Be3 Bd3 38. Bd2 Kc4 39. Ke3 Bf5 40. g4
Bd7 41. Bc1 Kb3 42. Kd2 g5 43. Ke3 Kc2 44. Bd2 Bf8 45. b4 Bb5 46. Be1 Bd6 47. h4
Bf4+ 48. Ke4 Bc6+ 49. Kf5 Bxf3 50. h5 Kd3 51. Kg6 Ke2 52. Bg3 Bxg3 53. Kxh6 Bf4
54. Kg6 Bxg4 55. h6 Bf3 56. c4 g4 57. h7 Be5 58. Kf5 Bh8 59. Kf4 Kf2 0-1

[Event "38th Nezhmetdinov Mem"]
[Site "Kazan RUS"]
[Date "2016.06.08"]
[Round "9.60"]
[White "Lenkova, Lidiya"]
[Black "Shkalikova, Marina"]
[Result "0-1"]
[WhiteElo "1518"]
[BlackElo "1823"]
[WhiteFideId "54102740"]
[BlackFideId "34111333"]
[EventDate "2016.05.31"]

1. c4 e6 2. Nf3 d5 3. b3 Nf6 4. Bb2 c6 5. g3 Nbd7 6. Bg2 Bd6 7. O-O e5 8. d3 O-O
9. Nbd2 Re8 10. Re1 e4 11. dxe4 dxe4 12. Ng5 e3 13. Nde4 exf2+ 14. Nxf2 Bc5 15.
Bd4 Bb4 16. Rf1 h6 17. Nf3 Qe7 18. Nd3 Ba5 19. Bxf6 Nxf6 20. Qc2 Ng4 21. Qb2 Ne3
22. Rfc1 Nxg2 23. Kxg2 Qxe2+ 24. Qxe2 Rxe2+ 25. Kf1 Re3 26. Nfe1 Bh3+ 27. Kf2
Rae8 28. Rd1 Bc3 29. Rac1 Bd4 0-1

[Event "38th Nezhmetdinov Mem"]
[Site "Kazan RUS"]
[Date "2016.06.08"]
[Round "9.61"]
[White "Bogatov, Bogdan"]
[Black "Murzaev, Danil"]
[Result "1-0"]
[WhiteElo "1680"]
[BlackElo "1578"]
[WhiteFideId "34110612"]
[BlackFideId "34142727"]
[EventDate "2016.05.31"]

1. d4 e6 2. Bf4 d5 3. e3 Nf6 4. Nd2 Bd6 5. Bg3 O-O 6. Bd3 b6 7. Ngf3 Bb7 8. c3
c5 9. O-O Bxg3 10. hxg3 Nbd7 11. Qc2 Qc7 12. Nh2 e5 13. dxe5 Nxe5 14. Bf5 Ba6
15. Rfd1 g6 16. Qa4 Be2 17. Re1 Bd3 18. Bxd3 Nxd3 19. Reb1 a6 20. Qh4 Kg7 21. g4
h6 22. Nhf3 Rh8 23. b3 Ne4 24. Nxe4 dxe4 25. Nd2 Rae8 26. c4 Qe5 27. Rd1 Qg5 28.
Qxg5 hxg5 29. Nxe4 Rxe4 30. Rxd3 Rxg4 31. g3 Re4 32. Rd6 Rb8 33. Rad1 b5 34.
cxb5 axb5 35. R6d5 c4 36. bxc4 bxc4 37. Rxg5 Rb2 38. a4 c3 39. Rc5 Rxa4 40. Rxc3
Raa2 41. Rf1 g5 42. Rc5 f6 43. Kg2 g4 44. Rf5 Kg6 45. Rf4 f5 46. e4 fxe4 47.
Rxe4 Kf5 48. Rf4+ Kg5 49. Rh1 Rb3 50. Rh4 Rxg3+ 51. Kxg3 Ra3+ 52. f3 Rxf3+ 53.
Rxf3 gxf3 54. Rf4 1-0

[Event "38th Nezhmetdinov Mem"]
[Site "Kazan RUS"]
[Date "2016.06.08"]
[Round "9.62"]
[White "Kamalutdinov, Rahim"]
[Black "Taipov, Ilmir"]
[Result "0-1"]
[WhiteElo "1368"]
[BlackElo "1673"]
[WhiteFideId "24180769"]
[BlackFideId "34182893"]
[EventDate "2016.05.31"]

1. d4 d5 2. Nf3 e6 3. Nbd2 Nf6 4. e3 Nbd7 5. Bd3 c5 6. c3 Bd6 7. h3 O-O 8. Bb1
b6 9. Nh2 cxd4 10. exd4 Ba6 11. Ng4 Re8 12. Qa4 Qc8 13. Nf3 e5 14. Nxf6+ Nxf6
15. dxe5 Bxe5 16. Nxe5 Rxe5+ 17. Be3 Ne4 18. Qd4 Qe8 19. Bc2 Nd6 20. O-O-O Nf5
21. Bxf5 Rxf5 22. Qg4 Bc8 23. Qg3 Qe5 24. Qxe5 Rxe5 25. Bf4 Re2 26. Be3 Bf5 27.
Rd2 Rxd2 28. Bxd2 Be6 29. a3 Rc8 30. Be3 f6 31. Re1 Kf7 32. Kd1 Rc6 33. Kc2 a6
34. g4 b5 35. Bd4 Rc8 36. Bb6 Rc6 37. Bd4 f5 38. Rg1 fxg4 39. hxg4 Bd7 40. f4
Rh6 41. g5 Rh2+ 42. Kb3 a5 43. Re1 Bf5 44. Bb6 a4+ 45. Ka2 Bc2 46. Bd8 Bb3+ 47.
Ka1 h5 48. gxh6 gxh6 49. f5 h5 50. Rf1 h4 51. Bc7 Re2 52. Kb1 h3 53. Bg3 Rg2 54.
Be5 h2 55. Bxh2 Rxh2 56. f6 Rh6 57. Kc1 Rxf6 58. Rh1 Ke6 59. Rh2 Ke5 60. Kd2 Bc4 0-1